[Event "EU-ch 2nd"]
[Site "Ohrid"]
[Date "2001.06.04"]
[Round "4"]
[White "Georgiev, Kiril"]
[Black "Rabiega, Robert"]
[Result "1-0"]
[WhiteElo "2676"]
[BlackElo "2517"]
[Annotator "Tsesarsky,I"]
[PlyCount "189"]
[EventDate "2001.06.01"]
[EventType "swiss"]
[EventRounds "13"]
[EventCountry "YUG"]
[SourceTitle "CBM 084"]
[Source "ChessBase"]
[SourceDate "2001.09.13"]
[SourceVersion "1"]
[SourceVersionDate "2001.09.13"]
[SourceQuality "1"]

1. d4 d5 2. c4 e6 3. Nc3 Nf6 4. Nf3 Nbd7 5. Bg5 c6 6. e3 Qa5 7. cxd5 Nxd5 8.
Qd2 Bb4 9. Rc1 h6 10. Bh4 c5 (10... O-O 11. Bd3 (11. e4 Nxc3 12. bxc3 Ba3 13.
Rb1 e5 $132 {0-1 O'Connell,G-Gillen,A/IRL 1992/EXT 98 (39)}) (11. Bc4 Nxc3 12.
bxc3 Ba3 13. Rb1 e5 14. Bg3 exd4 15. cxd4 Qxd2+ 16. Nxd2 Nb6 17. Bb3 Bf5 18. e4
Rae8 19. f3 Bc8 20. Ke2 $14 {1-0 Alekhine,A-Nimzowitsch,A/Zuerich 1934/HCL (51)
}) 11... e5 (11... Re8 12. a3 Bxc3 13. bxc3 Qxa3 14. O-O e5 {-see commented
game  1-0 Shirov,A-Piket,J/Amsterdam 1995/CBM 49 [Shirov,A](36)}) (11... c5 12.
a3 cxd4 13. axb4 dxc3 14. bxc3 Qb6 15. O-O {-see commented game 1-0 Greenfeld,
A-Huzman,A/Haifa 1996/CBM 54 [Greenfeld,A](26)}) 12. O-O (12. a3 Bxc3 13. bxc3
exd4 $1 (13... Re8 $6 14. c4 Qxd2+ 15. Nxd2 N5f6 16. O-O g5 (16... exd4 17.
exd4 c5 18. d5 Ne5 19. Bc2 g5 20. Bg3 Ng6 21. f4 $14 {1-0 Vaisser,A-Anic,D/
Vichy 2000/CBM 79 no vc (61)}) 17. Bg3 Nh5 18. Ne4 Nxg3 19. fxg3 Re7 20. d5 $16
{1-0 Lerner,K-Simic,D/Graz 1999/EXT 2001 (27)}) 14. cxd4 Qxa3 15. O-O Re8 16.
Bb1 N5b6 17. e4 Nf8 $15 {[%csl Gg6,Gh7][%cal Gf8g6,Gf8h7] 0-1 Frosch,E-Rabiega,
R/Graz 1997/EXT 2000 (58)}) 12... Re8 13. Qc2 (13. dxe5 Nxc3 14. bxc3 Ba3 15.
Rb1 Nxe5 $11 {0-1 Pommier,E-Lacrosse,M/Massy 1993/EXT 97 (30)}) (13. e4 Nf4 {
[%cal Gf4d3,Gf4g6]} (13... Nxc3 14. bxc3 Ba3 15. Rb1 $132 {1-0 Aubel,J-De
Graaff,R/NED 2000/CBM 74 ext (43)}) 14. Bb1 exd4 15. Nxd4 Ng6 16. Bg3 Nf6 $15 {
[%csl Re4][%cal Ga5d2]}) 13... exd4 14. Nxd5 Qxd5 15. exd4 Nb6 16. Bg3 Qxa2 17.
Ne5 Be6 18. f4 Qb3 19. f5 Bd5 20. f6 Qxc2 21. Rxc2 Bd6 22. fxg7 Bxe5 23. Bxe5
Nd7 24. Bf4 Kxg7 25. Rc3 $44 {1-0 Shirov,A-Piket,J/Aruba 1995/CBM 46 (41)}) 11.
Bd3 (11. a3 Bxc3 12. bxc3 b6 13. Bd3 (13. Ne5 Nxe5 14. dxe5 g5 15. e4 Ne7 16.
Rd1 O-O 17. Bg3 {-see commented game 0-1 Sherbakov,R-Goloshchapov,A/
Ekaterinburg 1999/CBM 75 [Tsesarsky,I] (58)}) (13. e4 N5f6 14. Bd3 Ba6 {
-see commented game 1/2-1/2 Atalik,S-Nogueiras,J/Havana 1999/CBM 71[Tsesarsky,
I](63)}) (13. Bg3 Bb7 {-see detailed commented game 0-1 Gligoric,S-Blagojevic,
D/Herceg Novi 2001/CBM 83_01 [Tsesarsky,I](34)}) 13... Bb7 (13... Ba6 14. O-O
N5f6 15. e4 Bxd3 16. Qxd3 cxd4 17. cxd4 O-O 18. Rc2 (18. Rc7 Rac8 19. Rfc1 Nc5
$1 $17 {0-1 San Segundo Carrillo,P-Dorfman,J/Mondariz 2000/CBM 79 no vc (27)})
18... Rac8 19. Rfc1 Rxc2 20. Rxc2 Rd8 21. Bxf6 Nxf6 22. h3 b5 23. Rc5 {1/2-1/2
Khalifman,A-Jussupow,A/Istanbul 2000/EXT 2001 (23)}) 14. O-O N5f6 15. Qb2 O-O
16. Nd2 cxd4 17. cxd4 Rfc8 $11 {1/2-1/2 Gomez Esteban,J-Estremera Panos,S/
Barcelona 2000/CBM 77 ext (37)}) (11. Be2 cxd4 12. Nxd4 O-O 13. Nb3 Qb6 14. O-O
Nxc3 15. bxc3 Ba3 16. Rb1 Qc7 $11 {0-1 Dimitrov,V-Pelletier,Y/Barcelona 2000/
CBM 77 ext (75)}) 11... cxd4 12. exd4 O-O ({Can be recommended} 12... b6 $1 {
[%cal Gc8b7,Gc8a6]} 13. a3 Bxc3 14. bxc3 Bb7 15. Bg3 Qxa3 $1 (15... N5f6 16.
Qb2 Ba6 17. Bxa6 Qxa6 18. c4 O-O 19. O-O {1/2-1/2 Sakaev,K-Filippov,V/Smolensk
2000/CBM 77 (19)}) 16. Bb5 N5f6 {-see detailed commented game  1/2-1/2
Ivanisevic,I-Blagojevic,D/Herceg Novi 2001/CBM 83_01 [Tsesarsky,I](31)}) 13.
O-O b6 14. a3 Bxc3 15. bxc3 Bb7 16. Rfd1 (16. Bb1 Rac8 17. Qd3 N5f6 18. c4 Be4
19. Qb3 {1/2-1/2 Veingold,A-Estremera Panos,S/Orense 2000/EXT 2001 (19)}) (16.
Be4 f5 17. Bxd5 Bxd5 {-see detailed commented game 0-1 Pelletier,Y-Oll,L/
Elista 1998/CBM 66 ext [Tsesarsky,I](31)}) 16... Rac8 {Enough for equality.} ({
Worth of attention} 16... Qxa3 $1 {and White has difficulties in P lack
justify:} 17. c4 N5f6 18. Qf4 (18. Qe3 {[%csl Ra3][%cal Gd3h7]} Qd6 19. c5 (19.
Bg3 Qc6 $15) 19... Qd5 $15) 18... Rfc8 19. Ne5 Qd6 $15) 17. c4 Qxd2 18. Nxd2
Nf4 19. Bf1 g5 20. Bg3 e5 $1 {Strong White PP center is attacked and will be
destroyed or blockaded.} 21. f3 (21. d5 Nc5 $132 {[%csl Gc5,Gd6]}) 21... exd4
22. Nb3 Ne6 23. Nxd4 Nxd4 24. Rxd4 Nc5 25. Rcd1 (25. Bd6 Rfd8 26. Bxc5 bxc5 27.
Rxd8+ Rxd8 $11) 25... Ba6 26. h4 Ne6 (26... Rfe8 $142 27. Rd6 Re6 $11) 27. Rd7
$1 Bxc4 $6 $14 (27... Rfd8 $142 28. Rxd8+ Rxd8 29. Rxd8+ (29. Rd5 Rc8 $11)
29... Nxd8 30. hxg5 hxg5 31. Kf2 f6 $11) 28. Bxc4 Rxc4 29. hxg5 Nxg5 $1 {
[%csl Rf7,Rh6]} ({Dubious is} 29... hxg5 $6 30. Rxa7 Rc6 (30... Rc2 31. Rdd7
Re2 32. Bd6 Rc8 33. Rxf7 Rcc2 34. Rfb7 $18) 31. Rdd7 Nc5 32. Re7 Rf6 33. Bf2
Rd8 34. Re5 $16) 30. Rxa7 Re8 31. Re1 Rd8 (31... Rxe1+ 32. Bxe1 Ne6 33. Bd2 $14
) 32. Rae7 Rd2 {How White can improve his position? Pa3 and Pb6 are weak and
after these PP exchange even White will take Ph6 it will be draw!} (32... Rc2
$14) 33. R7e2 Rd3 34. Re3 Rd2 35. R1e2 Rd1+ 36. Kf2 Ne6 37. Rb2 Rc6 38. Reb3
Ra1 39. Bh4 Ng5 $6 {[%csl Rb6,Rh6][%cal Gb6h6]} (39... Kg7 $142 $44) 40. Rxb6
Rxb6 41. Rxb6 Rxa3 42. Rxh6 {Black has sufficient compensation for P lack:
every pair of pieces exchange leads to draw because all PP are placed on the
same side.} Ra5 ({Or} 42... Ne6 43. Bf6 Ng7 44. g4 Ra2+ 45. Kg3 Re2 46. Rh1 Ra2
47. g5 Rd2 48. f4 Ra2 49. Kg4 Rg2+ 50. Kf3 Ra2 51. f5 Ra4 $44) 43. Kg3 Kg7 44.
Rb6 Ne6 45. Rb2 {Despite drawn position White tries to cause Black to put
mistake, and evetually this strategy brings to White success...} Ra4 46. Be7
Nd4 47. Bb4 Kg6 48. Kf2 Ra6 49. Bc3 Ne6 50. Bd2 Rc6 51. Be3 Rc4 52. Rd2 Ra4 53.
Kg3 Ra3 54. Bf2 Ra4 55. Rb2 Rc4 56. Ra2 Rb4 {Black defence is easy and simple.}
57. Be1 Rc4 58. Ba5 Nd4 59. Rd2 Nf5+ 60. Kh2 Nd4 61. Bb6 Ne6 62. Bf2 Ra4 63.
Rb2 Rc4 64. Rb8 Rc2 65. Bg3 Rc4 66. Be5 Kf5 67. Bd6 Nd4 68. Rg8 Ke6 69. Bg3 Nf5
70. Re8+ Ne7 71. Be1 Rc8 {After RR exchange White hasn't any chance to
complicate the game, but...} 72. Rxc8 Nxc8 73. Kg3 Ne7 74. Kg4 Nd5 75. Bd2 Kf6
76. Kh5 Kg7 77. g4 f6 78. f4 Kh7 79. f5 Kg7 80. Bc1 Nc3 $4 {[%mdl 8192] Black
put terrible mistake in simply dead drawn position!} ({Right was} 80... Kf7 $11
) 81. g5 Ne4 (81... fxg5 82. Bb2 Kf6 83. Kg4 $18) (81... Ne2 82. Bb2 Ng3+ 83.
Kg4 Ne4 84. g6 $1 $18 {[%csl Rf6] -like in the game.} (84. gxf6+ Kf7 $11)) 82.
g6 {[%csl Rf6]} Ng3+ 83. Kg4 Ne4 84. Bf4 Nc3 85. Kf3 Nd5 86. Bd6 Nc3 87. Ke3
Nd1+ 88. Kd4 Nf2 89. Bf4 Kg8 90. Be3 Ng4 91. Bf4 Nf2 92. Kd5 Kg7 93. Ke6 Ne4
94. Be3 Ng3 95. Bd4 $22 1-0

[Event "Montreal 1st"]
[Site "Montreal"]
[Date "2000.08.06"]
[Round "4"]
[White "Lesiege, Alexandre"]
[Black "Smagin, Sergey"]
[Result "1/2-1/2"]
[WhiteElo "2584"]
[BlackElo "2605"]
[Annotator "Tsesarsky,I"]
[PlyCount "85"]
[EventDate "2000.08.03"]
[EventType "tourn"]
[EventRounds "11"]
[EventCountry "CAN"]
[EventCategory "9"]
[SourceTitle "CBM 079"]
[Source "ChessBase"]
[SourceDate "2000.11.21"]
[SourceVersion "1"]
[SourceVersionDate "2000.11.21"]
[SourceQuality "1"]

1. d4 Nf6 2. c4 e6 3. Nc3 d5 4. Bg5 Nbd7 5. e3 c6 6. Nf3 Qa5 7. Nd2 Bb4 8. Qc2
O-O 9. Be2 c5 $1 {This move (tempo loss - c7-c6-c5) is justified by opponent
tempo loss - Nf3-d2.} (9... e5 {-mainline}) (9... dxc4 {-mainline}) 10. O-O ({
White tried to get advantage also by} 10. Nb3 Bxc3+ $5 (10... Qc7 11. O-O dxc4
12. Bxc4 cxd4 13. Nb5 Qb8 14. N5xd4 Bd6 15. f4 h6 16. Bh4 a6 17. Be2 Nd5 18.
Qd2 N7f6 19. Rad1 Bb4 20. Qd3 Bd7 21. Bf3 Ba4 $132 {1/2-1/2 Ivanchuk,
V-Kasparov,G/Frankfurt 1998/CBM 65 ext (33)}) 11. bxc3 Qa4 12. cxd5 c4 13. Qb2
Nxd5 14. Nd2 h6 $132 {1/2-1/2 Azmaiparashvili,Z-Ivanchuk,V/Moscow 1994/CBM 40
ext (43)}) 10... cxd4 11. Nb3 (11. exd4 {-see comments to the game 1/2-1/2
Kramnik,V-Ivanchuk,V/Luzern 1993/CBM 38 (19) (Hansen LB)}) 11... Qb6 ({Another
Q retreat occured in the next game:} 11... Qc7 $6 12. Nb5 Qb6 13. Bxf6 $1 gxf6
(13... Nxf6 14. c5 d3 (14... Qd8 15. exd4 a6 16. Nd6 Ne8 17. Nxe8 Rxe8 18. a3
Ba5 19. Nxa5 Qxa5 20. b4 $14) 15. Bxd3 Qd8 16. a3 Ba5 17. Nxa5 Qxa5 18. b4 Qd8
$14) 14. cxd5 (14. exd4 $14) 14... dxe3 15. fxe3 Qxe3+ 16. Kh1 Nb6 17. a3 Be7
18. d6 Bd8 19. Bf3 $14 {and White's position is better 1-0 Ionescu,
C-Ovsejevitsch,S/Pardubice 1999/EXT 2000 (34)}) 12. Bxf6 ({Whithout any
problems Black equalized after} 12. exd4 dxc4 13. Bxc4 Qc7 (13... Bxc3 14. Qxc3
Ne4 15. Qe3 Nxg5 16. Qxg5 Nf6 17. Rad1 Bd7 $11 {1/2-1/2 Mrva,M-Gdanski,J/
Krynica 1998/CBM 67 (71)}) 14. Qe2 {see comments to the game 1-0
Azmaiparashvili,Z-Ivanchuk,V/Tilburg 1994/CBM 44 (33) (Hansen Cu.)} (14. Bd3 b6
15. Qe2 Bxc3 16. Rac1 Bb7 17. bxc3 Rfe8 18. Rfe1 Nd5 19. Be4 h6 {1/2-1/2
Novikov,I-Smagin,S/Novgorod 1995/EXT 2000 (19)})) 12... Nxf6 13. c5 d3 (13...
Bxc5 $4 14. Na4 $18) (13... Qd8 $5 14. exd4 b6 $11) 14. Bxd3 Qd8 15. Nb5 (15.
Rad1 Bd7 16. a3 Bxc3 17. Qxc3 Ba4 $11) 15... Bd7 16. a3 Bxb5 17. axb4 (17. Bxb5
Ba5 18. Nxa5 Qxa5 19. Bd3 Qc7 $11) 17... Bxd3 18. Qxd3 Qc7 $6 {Of course, Q
placed on c7 good, but why not prevent b4-b5 promotion?} (18... a6 $11 {
[%csl Gb5]}) 19. b5 $1 $14 {White immediately use possibility to get space
advantage on the queenside.} ({Another plan is to double RR on the open a-line:
} 19. Ra4 a6 (19... Ng4 20. f4 e5 21. b5 exf4 22. Raxf4 h5 23. h3 Nf6 24. Rxf6
gxf6 25. Qxd5 Qe5 $44) 20. Rfa1 Ng4 $132 (20... Nd7 {[%cal Gd7e5]} 21. Nd4 $132
)) 19... Ng4 20. f4 Qe7 21. Ra4 b6 $1 {Black must blockade dangerous white PP
b5 and c5.} (21... Qh4 $2 22. h3 Ne5 23. Qe2 a6 (23... Nc4 24. Nd4 $16 {
[%csl Rc4][%cal Gb2b3]}) 24. bxa6 bxa6 25. Nd4 $16) 22. c6 Rac8 23. e4 {
White wants to open d-line and then maybe occupy d-line trying to use Pc6
power.} ({Premature is} 23. Rfa1 $6 Qh4 24. h3 Qf2+ 25. Kh1 Nxe3 26. Qd2 {
And here} Qxd2 ({not} 26... Qg3 27. Nd4 Nc4 28. Qc3 Ne3 29. Rg1 {[%csl Ra7,Re3]
[%cal Ga4a3]} (29. Qd2 Nc4) 29... Qf2 $8 30. Rxa7 $14) 27. Nxd2 a5 $1 28. bxa6
(28. b4 $2 axb4 (28... Nc2 $2 29. bxa5 Nxa1 30. Rxa1 (30. axb6 Nc2 31. b7 Rb8
32. b6 $16) 30... bxa5 31. Rxa5 Rc7 32. Nb3 Rb8 33. Nc5 $16) 29. Ra6 (29. Rxb4
Nc2 $17) 29... Nc4 30. Nxc4 dxc4 31. Rxb6 b3 32. Rb1 Rfd8 $17) 28... Rxc6 29.
a7 Ra8 $15) ({but interesting is} 23. h3 Nf6 {and now} 24. Rfa1 {[%csl Ra7]
[%cal Ga4a7]} Rc7 25. Nd4 ({or} 25. Nd2 $5 $14 {[%csl Ge4]}) 25... Ne4 26. Qa3
Qh4 27. Rf1 (27. Rxa7 $2 Rxa7 28. Qxa7 Qf2+ 29. Kh1 Qxe3 30. Qxb6 Ng3+ 31. Kh2
Nf5 $17) 27... Ra8 28. Ra6 Nc5 29. Rxb6 Qe7 30. Rc1 (30. b4 Rac8 31. bxc5 axb6
32. Rc1 Rb8 33. Rc3 Ra7 34. Qc1 bxc5 (34... Rba8 {[%csl Rc1][%cal Ga7a1]} 35.
cxb6 $1 $18) 35. Rxc5 Ra1 36. Qxa1 Qxc5 $44) 30... Rac8 31. Ra6 Nxa6 32. Qxe7
Rxe7 33. bxa6 Rec7 (33... Rb8 34. b4 Rc7 35. b5 Kf8 $14) 34. b4 $14) 23... dxe4
24. Rxe4 Rfd8 25. Rd4 Rxd4 26. Nxd4 ({After} 26. Qxd4 $5 {Black equalize:} Rd8
(26... Qh4 $2 27. h3 Qg3 28. hxg4 Qxb3 29. Qd7 Rf8 30. c7 $18 {[%csl Gc7][%cal
Gf1f3,Gf3c3]}) 27. Qc3 Nf6 {[%cal Gf6d5]} (27... Qh4 $2 28. h3 Nf6 29. c7 Rc8
30. Qc6 $18 {[%cal Gc6b7]}) 28. Rc1 Nd5 $11) 26... Rd8 27. Rc1 Qc7 28. Qe4 Nf6
29. Qe5 Qxe5 (29... Nd5 30. Ra1 Rc8 31. Ne2 $14 {[%cal Ge2c3]}) 30. fxe5 Ne8
31. Rc4 Nc7 {Black N blockade free Pc6 and R placed on open d-line. Black's
plan is to play f7-f6 and to bring Kg8 to the center.} 32. Ra4 Ra8 33. Rb4 (33.
Kf2 Kf8 34. Kf3 $14) 33... f6 $1 (33... a6 $2 34. bxa6 Rxa6 35. Kf2 Kf8 36. Nb5
Nxb5 37. Rxb5 Ke7 38. Rb3 Kd8 (38... f6 39. c7 Ra8 40. exf6+ gxf6 (40... Kxf6
41. Rxb6 $18) 41. Rh3 $18) 39. Rf3 Kc7 40. Rxf7+ Kxc6 41. Rxg7 Ra2 42. Rxh7
Rxb2+ 43. Kf3 $16) ({or} 33... a5 $2 34. bxa6 $16) 34. Ne2 $6 $11 {after this
move White loses all advantage.} (34. exf6 $142 gxf6 35. Kf2 Kf7 36. Ne2 $14)
34... fxe5 35. Nc3 a5 36. Re4 (36. bxa6 Rxa6 37. Nb5 Nxb5 38. Rxb5 Kf7 $11)
36... Kf7 37. Rxe5 a4 38. Re4 (38. Kf2 a3 39. bxa3 Rxa3 40. Re3 $11) 38... a3
39. bxa3 Rxa3 40. Rd4 Rxc3 41. Rd7+ Kg6 42. Rxc7 Rc5 43. Re7 1/2-1/2

[Event "Cannes NAO Masters"]
[Site "Cannes"]
[Date "2002.03.02"]
[Round "8"]
[White "Bareev, Evgeny"]
[Black "Fressinet, Laurent"]
[Result "0-1"]
[WhiteElo "2707"]
[BlackElo "2591"]
[Annotator "Tsesarsky,I"]
[PlyCount "84"]
[EventDate "2002.02.22"]
[EventType "tourn"]
[EventRounds "9"]
[EventCountry "FRA"]
[EventCategory "18"]
[SourceTitle "CBM 088"]
[Source "ChessBase"]
[SourceDate "2002.03.21"]
[SourceVersion "1"]
[SourceVersionDate "2002.03.21"]
[SourceQuality "1"]

1. d4 d5 2. c4 c6 3. Nf3 Nf6 4. Nc3 e6 5. Bg5 Nbd7 6. e3 Qa5 7. cxd5 Nxd5 8.
Qd2 Bb4 9. Rc1 h6 10. Bh4 c5 (10... O-O 11. Bd3 Re8 12. a3 Bxc3 13. bxc3 e5 14.
c4 Qxd2+ 15. Nxd2 {-see commented game 1-0 Vaisser,A-Anic,D/Vichy 2000/CBM 79 
[Tsesarsky,I](61)}) 11. a3 (11. Bd3 cxd4 12. exd4 O-O 13. O-O b6 14. a3 Bxc3
15. bxc3 Bb7 {-see detailed commented game 1-0 Georgiev,K-Rabiega,R/Ohrid 2001/
CBM 84_01 [Tsesarsky,I](95)}) 11... Bxc3 12. bxc3 b6 13. c4 {Interesting
novelty. White doesn't want to sacrifice Pa3. Pair of BB also is important
factor.} ({More popular} 13. Bd3 {doesn't promise to White an advantage...} Ba6
14. O-O N5f6 15. e4 {-see commented game 0-1 San Segundo Carrillo,P-Dorfman,J/
Mondariz 2000/CBM 79 [Tsesarsky,I](27)}) 13... Qxd2+ 14. Nxd2 N5f6 15. Be2 (15.
f3 $14) 15... Bb7 16. O-O O-O 17. f3 Rfd8 18. Rfd1 Rac8 19. a4 g5 (19... Bc6
20. a5 $14) 20. Bf2 Ne8 21. Nb3 cxd4 22. exd4 Nd6 23. Bf1 (23. c5 Nf5 24. Bb5
Bc6 25. Nd2 bxc5 26. dxc5 Nb8 27. Ne4 $14) (23. Bd3 Bc6 24. Ra1 $14) 23... Ba6
24. Nd2 {More flexible than} (24. c5 $6 Bxf1 25. Kxf1 Nf5 26. a5 Ne7 27. cxb6
axb6 $11) 24... Nb8 25. c5 Bxf1 26. Kxf1 Nf5 27. Nc4 (27. Ne4 Kg7 28. g4 Ne7
29. h4 Kg6 30. h5+ Kg7 31. Nd6 $14) 27... bxc5 $2 $16 {This move is serious
strategical mistake. Pd4 is weak, it obscure Bf2 diagonal, so Black must avoid
Pc5 capture.} ({Stronger was} 27... Nd7 28. a5 (28. g4 Ne7 29. a5 Nd5 $11)
28... bxa5 (28... bxc5 29. dxc5 $16) 29. Nxa5 Nf6 30. g4 Ne7 31. Rb1 Rd7 32.
Nc4 $14) 28. dxc5 Ne7 29. Nd6 Rc7 30. Bd4 Nd5 (30... Nbc6 31. Bf6 $16) 31. Nb5
Rcd7 32. c6 $1 {White wins material by force.} (32. Kf2 Nc6 $132) 32... Nxc6
33. Rxc6 Ne3+ 34. Bxe3 Rxd1+ 35. Kf2 Ra1 36. Nc3 Ra3 (36... Rd7 37. Ne4 Kg7 38.
Nc5 Rdd1 39. g4 $16) 37. Ke2 (37. Bxa7 Rd3 38. Ne4 Rxa4 $14) 37... Rb3 (37...
Rd7 38. Bc1 Rb3 39. Ne4 $16) 38. Bxa7 Rb2+ 39. Kf1 $2 $132 {[%csl Rf1]} (39.
Ke3 $1 Rxg2 40. Bb6 Ra8 41. Bc7 Rc2 42. a5 $16) 39... Rdd2 (39... Rc2 {[%csl
Rc3][%cal Gd8d3]} 40. Bf2 Rdd2 41. Bg3 f5 42. a5 f4 43. Be1 Rxg2 44. Ne4 Rxh2
45. Rxc2 Rxc2 46. Nc3 {[%cal Ga5a6]} Rc1 47. Ke2 Kf7 48. Bd2 Ra1 49. Ne4 Kg6
$132) 40. a5 $4 $19 {Terrible mistake.} ({Approximately equal position after} 
40. Be3 Rd3 (40... Rxg2 41. a5 Rxh2 42. a6 Rh3 43. a7 Rxf3+ 44. Ke1 Rxe3+ 45.
Kd1 Rd3+ 46. Kc1 $18) 41. Bf2 Rdd2 42. Bg3 (42. Be1 Rxg2 43. Nd1 Ra2 44. h3
Rgc2 (44... Rh2 $2 45. Nf2 {[%csl Rh2]}) 45. Rxc2 Rxc2 46. a5 Ra2 47. Bb4 f5
48. Nc3 Rc2 49. Ke1 h5 50. Ne2 $14) 42... Rxg2 43. Rc8+ (43. Ne4 Rgc2 44. Rxc2
Rxc2 45. Bd6 f5 46. Nc5 Ra2 47. Bc7 Rc2 48. Bb6 Kf7 49. h3 Ke7 $132) 43... Kh7
44. Ne4 Rgc2 45. Rxc2 Rxc2 46. a5 f5 47. Nd6 Ra2 48. Nb7 f4 49. Be1 Kg6 50. h3
h5 51. Nc5 Kf5 52. a6 e5 $132) 40... Rbc2 41. Ke1 Rxg2 {[%csl Re1] Threatening
mate.} 42. Kf1 ({Or} 42. Be3 Rxh2 43. Kd1 Rcg2 44. Kc1 Rh1+ 45. Nd1 Ra2 $19 {
[%csl Ra5,Rd1]}) 42... Rgd2 {[%csl Rf1]} (42... Rgd2 43. Ke1 Rxh2 44. Bg1 Rh1 (
44... Rc1+ 45. Nd1 Rxc6 46. Bxh2 Rc5 47. a6 Ra5 $19) 45. Kd1 Rg2 ({Wins also} 
45... Rxc3 46. Rxc3 Rxg1+ 47. Kc2 Ra1 48. Rc5 Kg7 49. Kb2 Rd1 50. a6 Rd7 51.
Ra5 Ra7 52. Kc3 f5 53. Kc4 h5 54. Kb5 h4 55. Kb6 Ra8 56. Kb7 Rf8 57. a7 h3 58.
Ra2 Kf6 $19) 46. Ne2 Rgxg1+ 47. Nxg1 Rxg1+ 48. Kc2 Ra1 $19) 0-1

[Event "North Sea Cup 17th"]
[Site "Esbjerg"]
[Date "2002.07.09"]
[Round "5"]
[White "Nielsen, Peter Heine"]
[Black "Hansen, Curt"]
[Result "1-0"]
[WhiteElo "2626"]
[BlackElo "2625"]
[Annotator "Tsesarsky,I"]
[PlyCount "93"]
[EventDate "2002.07.05"]
[EventType "tourn"]
[EventRounds "9"]
[EventCountry "DEN"]
[EventCategory "14"]
[SourceTitle "CBM 091"]
[Source "ChessBase"]
[SourceDate "2002.11.12"]
[SourceVersion "1"]
[SourceVersionDate "2002.11.12"]
[SourceQuality "1"]

1. d4 Nf6 2. c4 e6 3. Nf3 d5 4. Nc3 c6 5. Bg5 Nbd7 6. e3 Qa5 7. cxd5 Nxd5 8.
Qd2 Bb4 9. Rc1 O-O 10. a3 ({Another mainline is} 10. e4 Nxc3 11. bxc3 Ba3 12.
Rb1 b6 $6 ({More popular is} 12... e5 $14) 13. Bd3 Ba6 14. O-O Bxd3 15. Qxd3 h6
$14 (15... c5 16. Rb3 h6 (16... cxd4 $4 17. cxd4 $18 {[%csl Ra3,Gd4,Ge4]} Bd6
18. e5 Bc7 19. Be7 Rfe8 20. Ng5 g6 21. Qf3 {[%csl Ra8,Rf7] 1-0 Lechtynsky,
J-Likavsky,T/CZE 2002/The Week in Chess 388 (26)}) 17. Bd2 Rfc8 18. c4 Bb4 19.
Bxb4 cxb4 20. Ra1 Qa4 21. e5 Rc7 22. Qe4 Rac8 23. Nd2 $14)) (10. Bd3 {-another
popular mainline.}) 10... Bxc3 11. bxc3 h6 (11... Qxa3 12. e4 N5b6 13. Bd3 f6
14. Bh4 e5 {-see detailed commented game 1-0 Lima,D-Limp,E/Santos 2001/CBM
82_01 [Tsesarsky,I](57)}) 12. Bh4 Qxa3 (12... Re8 13. c4 Qxd2+ 14. Nxd2 $14 {
1/2-1/2 Gonzalez,G-Weissenbach,K/Gran Canaria 1996/EXT 97 (46)}) 13. e4 Ne7 14.
Bd3 {White has at least sufficient compensation for sacrificed P.} Ng6 15. Bg3
b6 16. O-O Bb7 17. e5 Qe7 18. h4 c5 19. h5 Bxf3 ({Ugly looks} 19... Nh8 {
[%csl Rh8] but probably it was acceptable continuation.} 20. Bh4 Qe8 21. Qc2 {
[%csl Gd3,Rg8,Gh4][%cal Gc2h7]} f5 (21... g5 22. hxg6 Nxg6 23. Bg3 $14) 22.
exf6 Nxf6 23. Bxf6 Rxf6 (23... gxf6 24. Bh7+ Kg7 25. Be4 $14) 24. Bh7+ Kf8 25.
Be4 Bxe4 26. Qxe4 Nf7 27. Qh7 $36 {[%cal Gf3h4]}) 20. gxf3 Nh4 21. Qf4 Nf5 22.
Bxf5 exf5 23. Qxf5 {White equalized material balance and has strong PP centre.}
Qe6 24. Qe4 f5 25. d5 $1 {This strong tactical impact provides to White
serious advantage.} Qe8 ({Or} 25... fxe4 26. dxe6 Nb8 27. fxe4 Re8 (27... Nc6
28. f4 $16) 28. f4 Rxe6 29. f5 Re8 30. e6 Nc6 31. Rcd1 $16) 26. Qf4 b5 (26...
Qxh5 27. Rfe1 $16) 27. c4 $6 $14 {Inaccuracy.} ({Much better was} 27. Rfd1 Qxh5
28. e6 $16) 27... Qxh5 $6 $16 ({More stubborn was} 27... Nb6 $1 28. e6 (28.
cxb5 Nxd5 29. Qc4 Rd8 30. Rfd1 Qe6 31. Qxc5 f4 32. Bh4 Qxe5 (32... Rd7 33. Qc6
Kf7 34. Rc4 $18) 33. Bxd8 Rxd8 34. Qc6 (34. Qxa7 Qg5+ 35. Kf1 Qxh5 $11) 34...
Qg5+ 35. Kf1 Qxh5 $44) 28... Nxc4 29. Rxc4 $1 (29. Rfe1 Qxh5 30. Rxc4 bxc4 31.
d6 $14) 29... bxc4 30. Re1 Qxh5 31. d6 Qe8 32. Qxc4 f4 33. Bxf4 $14 {[%csl Gd6,
Ge6] Probably here White still has advantage, but if Black will capture 3P -
f3, e6 and d6 for his rook, Black will recieve good chance for successful
resistance.}) 28. e6 g5 (28... Nb6 29. d6 Nxc4 30. Rxc4 bxc4 31. d7 Rfd8 32.
Qxc4 Kh8 33. Re1 $16) 29. Qd6 Nb6 30. e7 {White icreases his advantage easily.}
Rfe8 31. Be5 Kh7 32. cxb5 Qxf3 (32... Qf7 33. Rxc5 Rac8 34. Rfc1 $18) 33. Qe6
Qg4+ 34. Bg3 $18 {[%csl Rc5,Rh7][%cal Gc1c5,Gd5d6]} Qh5 35. Qxf5+ Qg6 36. Qxg6+
Kxg6 37. d6 Nd7 38. Rfe1 Kf7 39. Rc3 Rab8 40. Rf3+ Kg7 (40... Kg6 41. Re6+ Kh5
42. Ra3 Rb7 43. f3 Rxb5 44. Rxa7 $18) 41. Be5+ Kg6 (41... Nxe5 42. Rxe5 Rb7 43.
Rxc5 Rd7 44. Rd3 $18 {[%cal Gc5c7]}) 42. Bc3 Rxb5 43. Re6+ {eventually without
QQ black K became vulnerable...} Kh5 44. Rh3+ Kg4 45. Rexh6 Rb3 46. Kg2 c4 47.
Rh8 1-0